000
00270nam a22001097a 4500
082
_a
355.02 BAL'M
100
_a
BALLANCE, EDGAR O
_9
76819
245
_a
MALAYA THE COMMUNIST INSURGENT WAR 1948-60
260
_a
LONDON
_b
FABER & FABER
_c
1966
300
_a
188P
942
_c
BK
999
_c
582142
_d
582142